Joueurs français passés par Aston Villa - Statistiques

Statistiques générales
  • Ce quiz a été pris 78 fois
    21 depuis la dernière actualisation
  • Le résultat moyen est 4 sur 16
Statistiques - réponses
Années Matchs Nom % Correct
2022- 138 Lucas Digne
85%
2022- 97 Boubacar Kamara
75%
2023-2024 54 Moussa Diaby
45%
2010-2011 12 Robert Pirès
35%
2000-2002 41 David Ginola
30%
2025 10 Axel Disasi
25%
2023-2024 25 Clément Lenglet
25%
2019-2023 32 Frédéric Guilbert
25%
2015-2017 48 Jordan Amavi
15%
2021-2023 23 Morgan Sanson
15%
2011-2016 93 Charles N'Zogbia
10%
2015-2017 29 Jordan Veretout
10%
2014-2017 58 Aly Cissokho
0%
2006-2007 6 Didier Agathé
0%
1984-1985 17 Didier Six
0%
2004-2005 13 Mathieu Berson
0%
Aucun quiz correspondant
Distribution des résultats
% des personnes avec chaque résultat
Percentile par nombre de réponses
Votre historique - résultats
Vous n’avez pas pris ce quiz depuis la dernière actualisation